Nuestra mentalidad económica

Guardat en:
Dades bibliogràfiques
Autor principal: Huneeus Cox, Pablo (autor)
Format: Llibre
Idioma:espanyol
Publicat: Santiago Fundación de Estudios Económicos BHC 1979
Matèries:
Etiquetes: Afegir etiqueta
Sense etiquetes, Sigues el primer a etiquetar aquest registre!

MARC

LEADER 00000nam a2200000 a 4500
001 UCT2843
003 CL-VaPUC
008 961018e19790000CL |||||||||||||||||spa|d
082 0 4 |a 330  |b HUN  |2 21 
100 |a Huneeus Cox, Pablo  |e autor  |9 588797 
245 1 0 |a Nuestra mentalidad económica 
300 |a 212 p 
942 |c BK 
945 |d 19961018 00:00:00  |a nastorga 
260 |a Santiago  |b Fundación de Estudios Económicos BHC  |c 1979 
650 0 |a Economía   |9 255568 
650 7 |a MENTALIDAD  |2 CL-VaPUC  |9 371804 
650 0 |a Comportamiento   |9 308406 
650 7 |a EMPRESARIOS  |2 CL-VaPUC  |9 315086 
650 0 |a Educación  |9 258661 
650 7 |a MARGINALIDAD  |2 CL-VaPUC  |9 371805 
650 0 |a Trabajo  |9 313876 
650 7 |a COLONOS  |2 CL-VaPUC  |9 371806 
650 7 |a PIRQUINEROS  |2 CL-VaPUC  |9 371807 
650 0 |a Mujeres  |9 257649 
650 0 |a Armadores   |9 371808 
583 |a last modification  |c 19961018 00:00:00  |k Rodrigo Vera 
999 |c 252743  |d 252741 
952 |0 0  |1 0  |4 0  |6 330_000000000000000_HUN_1979  |7 0  |8 A  |9 272810  |a BIBENE  |b BIBENE  |d 2019-11-19  |i 3238857  |o 330 HUN 1979  |p 3238857  |r 2025-01-15  |w 2019-11-19  |y BK  |k ICO